| 000 | 01594nam a22004337a 4500 | ||
|---|---|---|---|
| 001 | 000095238 | ||
| 003 | CHAP | ||
| 005 | 20220329143101.0 | ||
| 008 | 060216d2005 mx r 00110 spa d | ||
| 010 | _a91704 | ||
| 011 | _a92676 | ||
| 035 | _a103241 | ||
| 040 | _cCHAP | ||
| 090 | _aTesis | ||
| 100 | 0 | 0 |
_aAragon Lopez, Rolando. _96441 |
| 245 | 1 | 0 |
_aCaracterización de materiales experimentales de calabaza (cucurbita spp) y verificación de su resistencia al damping off / _c/por Rolando Aragón López. |
| 260 |
_aChapingo, Méx. : _bEl autor, _c2005. |
||
| 300 | _a131 h. | ||
| 502 | _aTesis (M.C. en Horticultura) -- UACH. Departamento de Fitotecnia | ||
| 590 |
_aALEPH _b10 _c20130110 _lUCH01 _h1509 |
||
| 590 |
_aBATCH-UPD _b10 _c20130110 _lUCH01 _h0443 |
||
| 590 |
_aBATCH-UPD _b10 _c20130410 _lUCH01 _h0119 |
||
| 590 |
_aBATCH-UPD _b10 _c20140324 _lUCH01 _h1453 |
||
| 590 |
_aBATCH-UPD _b10 _c20141002 _lUCH01 _h0828 |
||
| 590 |
_aBATCH _b00 _c20181121 _lUCH01 _h0758 |
||
| 590 |
_aCONVERSION _b10 _c20130109 _lUCH01 _h1351 |
||
| 590 |
_aE792CSJ _b10 _c20130611 _lUCH01 _h1036 |
||
| 650 | 1 | 4 |
_aCalabaza _xEnfermedades. _917269 |
| 650 | 1 | 4 |
_aCalabaza _xVariedades resistentes a enfermedades. _917310 |
| 650 | 1 | 4 |
_aDamping off. _931009 |
| 856 |
_3Finding aid _uhttp://10.13.5.2/tesis/103241.pdf _zTeclea aquí |
||
| 856 |
_a1 _n0000437 |
||
| 901 | _aBK | ||
| 905 | _aAlejandra Carrasco M. | ||
| 942 | _cCD | ||
| 942 | _n0 | ||
| 949 |
_aTesis _bBC _cTES _d00000001032411 _eTS1 _gDonaciØn _h44524 _i103241 _sb |
||
| 949 |
_aTesis _bBC _cTES _d33724000991790 _eTS2 _fc.2 _gDonaciØn _h44525 _i103241 _si |
||
| 999 |
_c91704 _d91704 |
||